|
|
|
|
| LEADER |
00889nam a2200253 i 4500 |
| 001 |
c000170181 |
| 003 |
CARM |
| 005 |
20011004203553.0 |
| 008 |
850323s1954 xxu 0 eng d |
| 019 |
1 |
|
|a 23059611
|5 LACONCORD2021
|
| 035 |
|
|
|a (OCoLC)1906379
|5 LACONCORD2021
|
| 040 |
|
|
|a ANU
|b eng
|d ANU
|
| 082 |
0 |
4 |
|a 575.12
|
| 100 |
1 |
|
|a Fuller, John L.
|q (John Langworthy),
|d 1910-
|
| 245 |
1 |
0 |
|a Nature and nurture :
|b a modern synthesis.
|
| 260 |
|
|
|a N.Y :
|b Doubleday,
|c 1954.
|
| 300 |
|
|
|a viii, 40 p :
|b bibl.
|
| 440 |
|
0 |
|a Doubleday papers in psychology ;
|v No.4.
|
| 650 |
|
0 |
|a Heredity, Human.
|
| 650 |
|
0 |
|a Genetics.
|
| 650 |
|
0 |
|a Genetic psychology.
|
| 852 |
8 |
|
|b CARM
|h A2:AN22D0
|i C06124
|p 0235586
|f BK
|
| 999 |
f |
f |
|i 00673101-f344-587c-ae82-0f73148efe33
|s 84b543c3-6783-5c87-85cb-aa65d3e709fb
|
| 952 |
f |
f |
|p Can circulate
|a CAVAL
|b CAVAL
|c CAVAL
|d CARM 1 Store
|e C06124
|f A2:AN22D0
|h Other scheme
|i book
|m 0235586
|